[Event "Euskirchen- Lasker Koeln 2"]
[Site "?"]
[Date "2023.05.07"]
[Round "8.1"]
[White "Mandt, Mathias"]
[Black "Vandenbergen, Nicolas"]
[Result "0-1"]
[WhiteElo "2106"]
[BlackElo "2109"]
[Annotator "daniel"]
[PlyCount "154"]
[SourceVersionDate "2023.06.22"]

1. d4 d5 2. c4 Nc6 3. cxd5 Qxd5 4. e3 e5 5. Nc3 Bb4 6. Bd2 Bxc3 7. Bxc3 exd4 8.
Ne2 Nf6 9. Nxd4 O-O 10. Nb5 Qg5 11. h4 Qh6 12. Bd3 Rd8 13. Qc2 Nd5 14. O-O-O
Bg4 15. Rd2 Ncb4 16. Bxb4 Nxb4 17. Qc4 Nxd3+ 18. Rxd3 Rxd3 19. Qxd3 Qc6+ 20.
Nc3 Qxg2 21. Qf1 Qxf1+ 22. Rxf1 Rd8 23. Rg1 h5 24. Rg3 f6 25. Kc2 Kf7 26. f3
Be6 27. b3 c6 28. Ne2 Rg8 29. Nf4 g5 30. hxg5 fxg5 31. Nxh5 Bf5+ 32. e4 Bg6 33.
Rh3 g4 34. fxg4 Bxe4+ 35. Kc3 Rxg4 36. Re3 c5 37. Ng3 Bd5 38. Nf1 Rg5 39. a4
Rg1 40. Nd2 Be6 41. Nf3 Rg8 42. Ne5+ Kf6 43. Nd3 b6 44. Nf4 Bf7 45. Nd3 $11 Rg1
46. Ne1 Be6 47. Kb2 Ke7 48. Kc3 Kd6 49. Rd3+ Bd5 50. Re3 Rh1 51. Kb2 Rh4 52.
Kc3 Rb4 53. Kb2 c4 54. Nc2 Rxb3+ 55. Rxb3 cxb3 56. Nd4 Kc5 57. Nb5 a5 58. Nc3
Kc4 59. Ka3 Be6 60. Nd1 Bd7 61. Nc3 b5 62. Ne4 b4+ 63. Kb2 Bxa4 64. Nd6+ Kc5
65. Ne4+ Kb6 66. Nd2 Bc6 67. Nxb3 Bd5 68. Nd4 Kc5 69. Nc2 Kc4 70. Na3+ Kd3 71.
Nc2 Bf7 72. Na3 Kd2 73. Nc2 Bc4 74. Na1 Bf7 75. Nc2 b3 76. Na3 a4 77. Nc4+ Bxc4
0-1

[Event "Euskirchen- Lasker Koeln 2"]
[Site "?"]
[Date "2023.05.07"]
[Round "8.2"]
[White "Neubauer, Juergen"]
[Black "Di Franco, Patricio"]
[Result "1/2-1/2"]
[WhiteElo "2059"]
[BlackElo "2050"]
[PlyCount "84"]
[SourceVersionDate "2023.06.22"]

1. e4 c5 2. Nf3 Nc6 3. d4 cxd4 4. Nxd4 Nf6 5. Nc3 e5 6. Ndb5 d6 7. Bg5 a6 8.
Na3 b5 9. Nd5 Be7 10. Bxf6 Bxf6 11. c4 b4 12. Nc2 O-O 13. Ncxb4 Nxb4 14. Nxb4
Qb6 15. Nd5 Qxb2 16. Be2 Bg5 17. O-O Ra7 18. Qd3 Be6 19. Rfb1 Qd2 20. Qxd2 Bxd2
21. Rb6 Rd8 22. Rab1 Ba5 23. Rb7 Rxb7 24. Rxb7 Kf8 25. g3 Rc8 26. Ra7 Bxd5 27.
exd5 Bb6 28. Rxa6 Bc5 29. Bd1 Rb8 30. Bb3 Ke7 31. Kf1 f5 32. Rc6 Kf6 33. Rc7 h6
34. Ke2 e4 35. Rd7 Rb6 36. Rd8 Ke7 37. Rg8 Kf7 38. Ra8 Rb7 39. h3 Ke7 40. Ra5
Kf6 41. Rb5 Rxb5 42. cxb5 Ke5 1/2-1/2

[Event "Euskirchen- Lasker Koeln 2"]
[Site "?"]
[Date "2023.05.07"]
[Round "8.3"]
[White "Diesner, Michael"]
[Black "Herzwurm, Robert"]
[Result "1/2-1/2"]
[WhiteElo "2009"]
[BlackElo "1927"]
[PlyCount "120"]
[SourceVersionDate "2023.06.22"]

1. Nf3 Nf6 2. g3 g6 3. Bg2 Bg7 4. O-O O-O 5. d3 c5 6. e4 Nc6 7. Nc3 Rb8 8. a4
a6 9. Bf4 d6 10. Qd2 b5 11. axb5 axb5 12. Bh6 b4 13. Nd1 Bxh6 14. Qxh6 Ng4 15.
Qd2 f5 16. Nh4 f4 17. h3 Nh6 18. e5 Nd4 19. c3 Ne6 20. Re1 Nf5 21. Nxf5 Rxf5
22. exd6 Qxd6 23. g4 Re5 24. Rxe5 Qxe5 25. Ra7 Ng5 26. d4 Qd6 27. Qe2 Be6 28.
Ra6 f3 29. Qd3 c4 30. Rxd6 cxd3 31. Rxe6 Nxe6 32. Bxf3 Nf4 33. Kf1 bxc3 34.
bxc3 Nxh3 35. Ke1 Kg7 36. Kd2 Rf8 37. Ke3 Nf4 38. Be4 e6 39. Bxd3 Nxd3 40. Kxd3
h5 41. gxh5 gxh5 42. Ke2 Kg6 43. Kf1 Kf5 44. c4 Ke4 45. d5 exd5 46. cxd5 Kxd5
47. Kg2 Ke4 48. Kg3 Rf4 49. Nc3+ Kf5 50. Nd5 Rg4+ 51. Kh3 Ra4 52. Ne3+ Kf4 53.
Kh4 Ra5 54. Nf1 Kf3 55. Ng3 Kxf2 56. Nxh5 Kf3 57. Nf6 Re5 58. Nh5 Rf5 59. Ng7
Re5 60. Nh5 Ra5 1/2-1/2

[Event "Euskirchen- Lasker Koeln 2"]
[Site "?"]
[Date "2023.05.07"]
[Round "8.5"]
[White "Rosenkraenzer, Torsten"]
[Black "Hack, Thomas"]
[Result "0-1"]
[WhiteElo "2016"]
[BlackElo "1991"]
[PlyCount "66"]
[SourceVersionDate "2023.06.22"]

1. d4 Nf6 2. c4 e6 3. Nc3 Bb4 4. f3 O-O 5. a3 Bxc3+ 6. bxc3 d6 7. e4 b6 8. Bd3
e5 9. Ne2 h6 10. O-O Nc6 11. d5 Na5 12. f4 exf4 13. Bxf4 Ng4 14. Qe1 Ne5 15.
Qg3 Ng6 16. Be3 Qh4 17. Qxh4 Nxh4 18. Nd4 a6 19. Ra2 Ng6 20. Nf3 Bd7 21. Rb2
Bg4 22. Rb4 Rae8 23. h3 Bd7 24. Bxb6 cxb6 25. Rxb6 Bc8 26. Rxd6 Nf4 27. Bb1
Nxc4 28. Rc6 Nxa3 29. Nd2 Nxb1 30. Rxb1 f5 31. Rb4 fxe4 32. Rxe4 Nxd5 33. Rxe8
Rxe8 0-1

[Event "Euskirchen- Lasker Koeln 2"]
[Site "?"]
[Date "2023.05.07"]
[Round "8.6"]
[White "Reckers, Sebastian"]
[Black "Fohler, Claus"]
[Result "1/2-1/2"]
[WhiteElo "1971"]
[BlackElo "2280"]
[PlyCount "53"]
[SourceVersionDate "2023.06.22"]

1. e4 e5 2. Nf3 Nc6 3. Bb5 a6 4. Ba4 Nf6 5. O-O Nxe4 6. d4 b5 7. Bb3 d5 8. dxe5
Be6 9. c3 Bc5 10. Nbd2 Nxf2 11. Rxf2 O-O 12. Nf1 Bxf2+ 13. Kxf2 f6 14. exf6
Qxf6 15. Kg1 Ne5 16. Be3 Nxf3+ 17. Qxf3 Qxf3 18. gxf3 Rxf3 19. Bc5 c6 20. Nd2
Rd3 21. Nf1 Rf3 22. Ng3 Re8 23. Ne2 Bh3 24. Nd4 Rf6 25. Nxc6 Rxc6 26. Bxd5+
Rce6 27. Re1 1/2-1/2

[Event "Euskirchen- Lasker Koeln 2"]
[Site "?"]
[Date "2023.05.07"]
[Round "8.7"]
[White "Glaser, Steffen"]
[Black "Blumenthal, Ralf"]
[Result "1-0"]
[WhiteElo "1955"]
[BlackElo "1875"]
[PlyCount "91"]
[SourceVersionDate "2023.06.22"]

1. e4 c5 2. c3 d6 3. Nf3 Nf6 4. Be2 Nxe4 5. Qa4+ Bd7 6. Qxe4 Bc6 7. Qh4 Nd7 8.
d4 cxd4 9. cxd4 Nf6 10. O-O e6 11. Nc3 Be7 12. Bg5 h6 13. Rfd1 Rg8 14. Bxf6
Bxf6 15. Qf4 g5 16. Qe3 g4 17. Ne5 Bg5 18. Nxc6 bxc6 19. Qe4 d5 20. Qxg4 Qd6
21. Qg3 Kd7 22. Qxd6+ Kxd6 23. b4 Rgb8 24. Rdb1 Bd2 25. Rb3 Bxc3 26. Rxc3 Rxb4
27. Rac1 Rc8 28. Ra3 Rxd4 29. Rxa7 Rd2 30. Kf1 Rb8 31. Rd1 Rxd1+ 32. Bxd1 Rb1
33. Ke1 Rb2 34. Rxf7 Rxa2 35. Rf6 h5 36. Bxh5 Ke5 37. Rf8 c5 38. Bg6 Kd4 39. h4
c4 40. h5 c3 41. h6 e5 42. h7 Ra1+ 43. Ke2 Ra2+ 44. Kd1 e4 45. h8=Q+ Kd3 46.
Rf3+ 1-0

[Event "SK Turm Kleve 1 - SV Erkenschwick 2"]
[Site "NRW-Klasse, Gr. 2 2022/2023"]
[Date "2023.05.07"]
[Round "8.1"]
[White "Spriestersbach, Kai"]
[Black "Shakhverdian, William"]
[Result "1-0"]
[WhiteElo "2143"]
[BlackElo "2107"]
[PlyCount "87"]
[EventDate "2023.??.??"]
[SourceVersionDate "2023.06.22"]
[WhiteTeam "SV Erkenschwick 2"]
[BlackTeam "SK Turm Kleve 1"]

1. e4 e5 2. Nf3 Nc6 3. Bb5 a6 4. Ba4 Nf6 5. O-O b5 6. Bb3 Be7 7. Re1 O-O 8. h3
d6 9. c3 Bb7 10. d4 Nb8 11. Nbd2 Nbd7 12. Bc2 Re8 13. a4 Bf8 14. Bd3 c6 15. b4
c5 16. d5 cxb4 17. cxb4 bxa4 18. Nc4 Nb6 19. Nxb6 Qxb6 20. Qxa4 Bc8 21. Be3 Qb8
22. Qa5 Bd7 23. Bxa6 Bc8 24. b5 Nxe4 25. Rec1 Nf6 26. Qd2 Bb7 27. Rc6 e4 28.
Rb6 exf3 29. Rxb7 Qxb7 30. Bxb7 Rxa1+ 31. Kh2 fxg2 32. Kxg2 Rb1 33. Qa5 Be7 34.
Bc6 Bd8 35. Qa2 Rb4 36. Bxe8 Nxe8 37. Qa8 Rxb5 38. Qc6 Nc7 39. Qd7 Rb8 40. Ba7
Ra8 41. Bb6 Ne6 42. dxe6 Bxb6 43. Qxf7+ Kh8 44. e7 1-0

[Event "SK Turm Kleve 1 - SV Erkenschwick 2"]
[Site "NRW-Klasse, Gr. 2 2022/2023"]
[Date "2023.05.07"]
[Round "8.2"]
[White "Verfuerth, Kevin"]
[Black "Homs, Guust"]
[Result "1/2-1/2"]
[WhiteElo "2036"]
[BlackElo "2154"]
[PlyCount "30"]
[EventDate "2023.??.??"]
[SourceVersionDate "2023.06.22"]
[WhiteTeam "SK Turm Kleve 1"]
[BlackTeam "SV Erkenschwick 2"]

1. c4 e6 2. Nf3 Nf6 3. e3 d5 4. b3 Be7 5. Bb2 O-O 6. Be2 b6 7. O-O Bb7 8. Nc3
Nbd7 9. d4 c5 10. Rc1 Rc8 11. cxd5 Nxd5 12. Nxd5 Bxd5 13. Ba6 Rc7 14. Qe2 Qa8
15. Rfd1 Bb7 1/2-1/2

[Event "SK Turm Kleve 1 - SV Erkenschwick 2"]
[Site "NRW-Klasse, Gr. 2 2022/2023"]
[Date "2023.05.07"]
[Round "8.3"]
[White "Krings, Christoph"]
[Black "Wiegersma, Justus"]
[Result "1/2-1/2"]
[WhiteElo "2110"]
[BlackElo "1977"]
[PlyCount "59"]
[EventDate "2023.??.??"]
[SourceVersionDate "2023.06.22"]
[WhiteTeam "SV Erkenschwick 2"]
[BlackTeam "SK Turm Kleve 1"]

1. d4 b6 2. e4 Bb7 3. Bd3 e6 4. f4 d5 5. e5 Ba6 6. Bxa6 Nxa6 7. Nf3 Qd7 8. O-O
c5 9. c3 Ne7 10. Qe2 Nb8 11. Be3 Nf5 12. Bf2 h5 13. Nbd2 Nc6 14. g3 Be7 15. Kg2
Qb7 16. h3 cxd4 17. cxd4 O-O-O 18. Rh1 Kb8 19. g4 hxg4 20. hxg4 Rxh1 21. Rxh1
Nh6 22. Kg3 Rc8 23. Rc1 Nb4 24. Rxc8+ Qxc8 25. a3 Qa6 26. Qxa6 Nxa6 27. Be3 Kc7
28. f5 Ng8 29. Bg5 Kd7 30. Be3 1/2-1/2

[Event "SK Turm Kleve 1 - SV Erkenschwick 2"]
[Site "NRW-Klasse, Gr. 2 2022/2023"]
[Date "2023.05.07"]
[Round "8.4"]
[White "Krebbers, Wilfried"]
[Black "Trzaska, Peter"]
[Result "1/2-1/2"]
[WhiteElo "1981"]
[BlackElo "2030"]
[PlyCount "58"]
[EventDate "2023.??.??"]
[SourceVersionDate "2023.06.22"]
[WhiteTeam "SK Turm Kleve 1"]
[BlackTeam "SV Erkenschwick 2"]

1. b4 a5 2. b5 d5 3. Bb2 Nf6 4. c4 c5 5. e3 Bf5 6. Nf3 e6 7. Nc3 Nbd7 8. Be2
dxc4 9. Bxc4 Nb6 10. Be2 Be7 {(=)} 11. d4 O-O 12. O-O Ne4 13. Nxe4 Bxe4 14. Nd2
Bg6 15. dxc5 Bxc5 16. Rc1 Bb4 17. Nc4 Nxc4 18. Rxc4 Rc8 19. Rxc8 Qxc8 20. Qd4
f6 21. Rc1 Qd8 22. Bc4 Bf7 23. Rd1 Qxd4 24. Rxd4 e5 25. Bxf7+ Rxf7 26. Rd8+ Rf8
27. Rxf8+ Kxf8 28. a3 Bc5 29. a4 Ke7 1/2-1/2

[Event "SK Turm Kleve 1 - SV Erkenschwick 2"]
[Site "NRW-Klasse, Gr. 2 2022/2023"]
[Date "2023.05.07"]
[Round "8.5"]
[White "Schulze Bisping, Franz-Adolf"]
[Black "Verfuerth, Thomas"]
[Result "1/2-1/2"]
[WhiteElo "1838"]
[BlackElo "2049"]
[PlyCount "200"]
[EventDate "2023.??.??"]
[SourceVersionDate "2023.06.22"]
[WhiteTeam "SV Erkenschwick 2"]
[BlackTeam "SK Turm Kleve 1"]

1. d4 Nf6 2. c4 e6 3. Nc3 d5 4. Bg5 Be7 5. e3 O-O 6. cxd5 exd5 7. Bd3 Nbd7 8.
Nf3 c6 9. O-O Re8 10. Qc2 h6 11. Bf4 Nh5 12. Nxd5 Ndf6 13. Nxe7+ Qxe7 14. Bg3
Nxg3 15. hxg3 Be6 16. Rfe1 Rad8 17. a3 Qd6 18. Rad1 Bg4 19. Rd2 Bxf3 20. gxf3
Qd5 21. Qd1 g6 22. Bf1 Qh5 23. Bg2 Nh7 24. e4 Qa5 25. Re3 h5 26. Rc3 Nf6 27. b4
Qc7 28. Qc2 h4 29. b5 hxg3 30. bxc6 gxf2+ 31. Kxf2 bxc6 32. e5 Nd5 33. Rxc6 Qe7
34. Qe4 Qg5 35. Rdc2 Nf4 36. Bf1 f5 37. Qe3 Qh4+ 38. Kg1 Qg3+ 39. Kh1 Nd5 40.
Bc4 Re7 41. Bxd5+ Rxd5 42. Rg2 Qh4+ 43. Kg1 Qxd4 44. Rgxg6+ Kh7 45. Rh6+ Kg8
46. Rcg6+ Rg7 47. Qxd4 Rxd4 48. Rxg7+ Kxg7 49. Ra6 Kf7 50. Kg2 f4 51. Kh3 Rd5
52. Kg4 Rxe5 53. Rxa7+ Kf6 54. Kxf4 Rf5+ 55. Ke4 Re5+ 56. Kd4 Re1 57. Ra5 Re2
58. Kd3 Re1 59. Kd2 Re8 60. Kd3 Re1 61. Ra4 Kf5 62. Re4 Ra1 63. a4 Ra3+ 64. Ke2
Ra2+ 65. Ke3 Ra3+ 66. Kf2 Ra1 67. Kg2 Kg5 68. Rb4 Kf5 69. Rg4 Rb1 70. Rh4 Kg5
71. Re4 Kf5 72. Kf2 Ra1 73. Rb4 Ke5 74. Kg3 Rg1+ 75. Kh4 Kf5 76. Rg4 Rh1+ 77.
Kg3 Rg1+ 78. Kf2 Ra1 {(=)} 79. Rc4 Ke5 80. Rb4 Kf5 81. Re4 Rb1 82. Ke2 Ra1 83.
Kd2 Ra3 84. Ke2 Ra1 85. Rb4 Ra3 86. Kf2 Ra1 87. Ke3 Ra3+ 88. Kd4 Rxf3 89. Kc5
Ke6 90. Rd4 Rc3+ 91. Kb6 Rb3+ 92. Ka6 Ke7 93. a5 Rb1 94. Ka7 Rb2 95. a6 Rb1 96.
Rh4 Kd8 97. Rh7 Kc8 98. Rb7 Ra1 99. Rb2 Rc1 100. Ka8 Rc3 1/2-1/2

[Event "SK Turm Kleve 1 - SV Erkenschwick 2"]
[Site "NRW-Klasse, Gr. 2 2022/2023"]
[Date "2023.05.07"]
[Round "8.6"]
[White "Brandt, Thorsten"]
[Black "Al Marawi, Abdulhadi"]
[Result "1-0"]
[WhiteElo "1944"]
[BlackElo "1950"]
[PlyCount "65"]
[EventDate "2023.??.??"]
[SourceVersionDate "2023.06.22"]
[WhiteTeam "SK Turm Kleve 1"]
[BlackTeam "SV Erkenschwick 2"]

1. d4 e6 2. g3 d5 3. Bg2 c5 4. Nf3 Nc6 5. O-O Nf6 6. c4 dxc4 7. Qa4 cxd4 8.
Nxd4 Qxd4 9. Bxc6+ Bd7 10. Rd1 Bxc6 11. Qxc6+ bxc6 12. Rxd4 c3 13. Nxc3 Nd5 14.
Na4 Rb8 15. b3 Rb4 16. Rd2 Nb6 17. Nxb6 Rxb6 18. Rc2 Bd6 19. Be3 Ra6 20. Rd1
Ke7 21. Rcd2 c5 22. Rxd6 Rxd6 23. Bxc5 Rhd8 24. f4 f6 25. e4 e5 26. f5 R8d7 27.
b4 Rd8 28. a4 g6 29. g4 g5 30. b5 Rc8 31. Bxd6+ Ke8 32. a5 Rc2 33. b6 1-0

[Event "SK Turm Kleve 1 - SV Erkenschwick 2"]
[Site "NRW-Klasse, Gr. 2 2022/2023"]
[Date "2023.05.07"]
[Round "8.7"]
[White "Broszeit, Peter"]
[Black "Hoenselaar, Dennis"]
[Result "0-1"]
[WhiteElo "1766"]
[BlackElo "1750"]
[PlyCount "78"]
[EventDate "2023.??.??"]
[SourceVersionDate "2023.06.22"]
[WhiteTeam "SV Erkenschwick 2"]
[BlackTeam "SK Turm Kleve 1"]

1. e4 c5 2. Nf3 Nc6 3. d4 cxd4 4. Nxd4 e5 5. Nf3 Nf6 6. Nc3 Bb4 7. Bd3 d5 8.
exd5 Nxd5 9. O-O Nxc3 10. bxc3 Bxc3 11. Ba3 Bxa1 12. Qxa1 Qc7 13. Ng5 Be6 14.
f4 O-O-O 15. Bxh7 Bc4 16. Bf5+ Kb8 17. Re1 Qb6+ 18. Kh1 g6 19. Bh3 f6 20. Ne6
Bd5 21. Qc3 Bxe6 22. Bxe6 f5 23. fxe5 Qf2 24. Bd6+ Ka8 25. h3 g5 26. Qe3 Qh4
27. Bxf5 g4 28. Qe4 Rdg8 29. e6 Qf2 30. e7 Nxe7 31. Bxe7 gxh3 32. Bxh3 Rxg2 33.
Qxg2 Qxe1+ 34. Kh2 Qxe7 35. Kg1 Qf7 36. Qe4 Qxa2 37. Be6 Qa1+ 38. Kf2 Rh2+ 39.
Ke3 Qe1+ 0-1

[Event "Wattenscheid 2- Rheinhausen"]
[Site "?"]
[Date "2023.05.07"]
[Round "8.1"]
[White "Heinert, Eugen"]
[Black "Schroeder, Wilfried"]
[Result "1-0"]
[WhiteElo "2162"]
[BlackElo "2190"]
[PlyCount "57"]
[SourceVersionDate "2023.06.22"]

1. e4 c6 2. d4 d5 3. Nc3 dxe4 4. Nxe4 Bf5 5. Ng3 Bg6 6. h4 h6 7. Nf3 Nd7 8. h5
Bh7 9. Bd3 Bxd3 10. Qxd3 e6 11. Bd2 Ngf6 12. O-O-O Qc7 13. Ne4 O-O-O 14. Kb1
Nxe4 15. Qxe4 Bd6 16. g3 Rhe8 17. Qg4 Rg8 18. Bc1 Qa5 19. Rd3 Qd5 20. Bf4 Nf6
21. Qh4 Bxf4 22. Qxf4 Qe4 23. Qd2 Rd5 24. Re1 Qg4 25. Ne5 Qxh5 26. c4 Rdd8 27.
Ka1 Rgf8 28. Qa5 Ne4 29. Rxe4 1-0

[Event "Wattenscheid 2- Rheinhausen"]
[Site "?"]
[Date "2023.05.07"]
[Round "8.2"]
[White "Peter, Thomas"]
[Black "Liedmann, Dennis"]
[Result "1-0"]
[WhiteElo "2210"]
[BlackElo "2026"]
[PlyCount "95"]
[SourceVersionDate "2023.06.22"]

1. e4 g6 2. d4 c6 3. Nf3 Bg7 4. Be3 d5 5. exd5 cxd5 6. Bb5+ Nc6 7. O-O Nh6 8.
Ne5 Bd7 9. Nxd7 Qxd7 10. c3 Nf5 11. Bf4 Nd6 12. Ba4 O-O 13. Nd2 e6 14. h4 f6
15. Re1 Rae8 16. Qg4 Nf5 17. h5 g5 18. Bh2 Nh6 19. Qh3 f5 20. Be5 Bxe5 21. Rxe5
Qd8 22. Bxc6 bxc6 23. Rae1 Qf6 24. Nb3 Nf7 25. R5e2 g4 26. Qg3 Ng5 27. Nc5 Ne4
28. Qf4 Qh4 29. Qh2 Qxh2+ 30. Kxh2 Nxc5 31. dxc5 Kf7 32. Kg3 Kf6 33. Kf4 Rf7
34. Re5 a5 35. Rxf5+ exf5 36. Rxe8 Rb7 37. Rc8 Rxb2 38. Rxc6+ Kf7 39. Kxf5
Rxf2+ 40. Kxg4 Rxg2+ 41. Kf5 Rc2 42. Rc7+ Ke8 43. Ke6 Kd8 44. Rxh7 Rxc3 45. Kd6
Kc8 46. c6 Kb8 47. Rh8+ Ka7 48. c7 1-0

[Event "Wattenscheid 2- Rheinhausen"]
[Site "?"]
[Date "2023.05.07"]
[Round "8.3"]
[White "Heinert, Alex"]
[Black "Lang, Daniel"]
[Result "0-1"]
[WhiteElo "2111"]
[BlackElo "2124"]
[PlyCount "106"]
[SourceVersionDate "2023.06.22"]

1. d4 Nf6 2. c4 g6 3. Nc3 d5 4. cxd5 Nxd5 5. e4 Nxc3 6. bxc3 Bg7 7. Be3 c5 8.
Bc4 Nc6 9. Ne2 O-O 10. O-O Bg4 11. f3 Na5 12. Bd3 cxd4 13. cxd4 Be6 14. d5 Bxa1
15. Qxa1 f6 16. Rd1 Bd7 17. Qd4 Qb6 18. Qxb6 axb6 19. Bxb6 Rfc8 20. Bxa5 Rxa5
21. Rd2 Bb5 22. Bxb5 Rxb5 23. Nd4 Rb4 24. Kf2 Rc1 25. Nb3 Rc3 26. Ke2 Kf7 27.
Kd1 Ke8 28. Rb2 Kd8 29. Kd2 Rcc4 30. Kd3 Rd4+ 31. Ke3 Rdc4 32. Kd3 b5 33. Re2
Ra4 34. Rb2 Ra3 35. Kd2 Kc7 36. Nc1 Kb6 37. Ne2 f5 38. Ng3 Rca4 39. exf5 Rxa2
40. Kc2 Rc4+ 41. Kb1 Rxb2+ 42. Kxb2 Kc5 43. fxg6 hxg6 44. Ne4+ Kxd5 45. Nc3+
Kc5 46. Kb3 Rb4+ 47. Kc2 Rh4 48. h3 b4 49. Ne4+ Rxe4 50. fxe4 Kd4 51. Kb3 Kxe4
52. Kxb4 Kd3 53. Kc5 e5 0-1

[Event "Wattenscheid 2- Rheinhausen"]
[Site "?"]
[Date "2023.05.07"]
[Round "8.4"]
[White "Gohla, Ulf"]
[Black "Jentzsch, David"]
[Result "1-0"]
[WhiteElo "2074"]
[BlackElo "1972"]
[PlyCount "51"]
[SourceVersionDate "2023.06.22"]

1. d4 d5 2. c4 e6 3. Nc3 Nf6 4. cxd5 exd5 5. Bg5 Be7 6. Qc2 c6 7. e3 O-O 8. Bd3
Nbd7 9. h3 Re8 10. Nge2 Nf8 11. g4 Ne4 12. Bxe7 Qxe7 13. Bxe4 dxe4 14. Ng3 b6
15. Qxe4 Qd7 16. Qd3 Ne6 17. O-O-O Bb7 18. f4 Rad8 19. f5 Nc7 20. e4 Qd6 21.
Qe3 Qb4 22. Nh5 f6 23. g5 Qe7 24. gxf6 gxf6 25. Qh6 Rf8 26. Rhg1+ 1-0

[Event "Wattenscheid 2- Rheinhausen"]
[Site "?"]
[Date "2023.05.07"]
[Round "8.5"]
[White "Feldhaus, Sebastian"]
[Black "Schlange, Stefan"]
[Result "1-0"]
[WhiteElo "2061"]
[BlackElo "2179"]
[Annotator "daniel"]
[PlyCount "69"]
[SourceVersionDate "2023.06.22"]

1. d4 d5 2. c4 c6 3. Nc3 e6 4. e4 dxe4 5. Nxe4 Nf6 6. Nxf6+ Qxf6 7. Nf3 Bb4+ 8.
Bd2 Bxd2+ 9. Qxd2 O-O 10. Qg5 Qxg5 11. Nxg5 Nd7 12. Ne4 e5 13. O-O-O exd4 14.
Rxd4 c5 15. Rd2 b6 16. Nd6 Ne5 17. Nxc8 Raxc8 18. Be2 Rfd8 19. Rhd1 Nc6 20.
Rxd8+ Rxd8 21. Rxd8+ Nxd8 22. Kd2 Kf8 23. Ke3 Ke7 24. h4 Kd6 25. Bd3 h6 26. Be4
g6 27. Bd5 Ne6 28. g4 f6 29. f4 Nd4 30. Bf7 g5 31. fxg5 fxg5 32. hxg5 hxg5 33.
Ke4 a6 34. a4 Nc6 35. Kf5 {ZÜ} 1-0

[Event "Wattenscheid 2- Rheinhausen"]
[Site "?"]
[Date "2023.05.07"]
[Round "8.6"]
[White "Schmedders, Gerd"]
[Black "Held, Benjamin"]
[Result "1-0"]
[WhiteElo "2155"]
[BlackElo "2075"]
[PlyCount "93"]
[SourceVersionDate "2023.06.22"]

1. d4 Nf6 2. Bg5 b6 3. Nf3 Bb7 4. e3 e6 5. Bd3 d5 6. Nbd2 Be7 7. Ne5 O-O 8. Qf3
Nbd7 9. Qh3 Ne4 10. Bxe7 Qxe7 11. f3 Nef6 12. Qh4 Rfe8 13. Nxd7 Qxd7 14. g4 Kf8
15. f4 e5 16. Bf5 Qa4 17. fxe5 Ne4 18. Nxe4 dxe4 19. Qxh7 Qb4+ 20. c3 Qc4 21.
O-O-O Qxa2 22. Qh8+ Ke7 23. Qxg7 Bd5 24. Qf6+ Kf8 25. e6 Bxe6 26. Bxe6 Qxe6 27.
Rdf1 Qxf6 28. Rxf6 Kg7 29. Rhf1 Re7 30. h4 a5 31. g5 Rh8 32. R1f4 Rh7 33. Kc2
Rh8 34. c4 Rb8 35. Kc3 b5 36. c5 Ra8 37. d5 Rd8 38. Kd4 Red7 39. R6f5 Kg6 40.
Re5 Kh5 41. Kxe4 a4 42. c6 Rd6 43. Rxf7 Kxh4 44. Rxc7 Ra8 45. Rb7 a3 46. bxa3
Ra4+ 47. Kf3 1-0

[Event "Wattenscheid 2- Rheinhausen"]
[Site "?"]
[Date "2023.05.07"]
[Round "8.7"]
[White "Scharrenbroich, Andreas"]
[Black "Schwebel, Markus"]
[Result "0-1"]
[WhiteElo "1697"]
[BlackElo "2045"]
[PlyCount "52"]
[SourceVersionDate "2023.06.22"]

1. e4 e5 2. Nf3 Nf6 3. Nc3 Nc6 4. Bc4 Nxe4 5. Nxe4 d5 6. Bd3 dxe4 7. Bxe4 Bd6
8. c3 f5 9. Bxc6+ bxc6 10. d4 e4 11. Ng5 Qf6 12. Nh3 O-O 13. Nf4 Ba6 14. Qa4
Bb5 15. Qb3+ Kh8 16. a4 Ba6 17. h4 Rfe8 18. Be3 Rab8 19. Qa2 Qh6 20. g3 g5 21.
Nh3 Qh5 22. b4 f4 23. gxf4 gxf4 24. Rg1 fxe3 25. Ng5 exf2+ 26. Kxf2 Qxh4+ 0-1

[Event "Langenfeld 2- Horst Emscher"]
[Site "?"]
[Date "2023.05.07"]
[Round "8.1"]
[White "Baerwolf, Steven"]
[Black "Keller, Karsten"]
[Result "1-0"]
[WhiteElo "2205"]
[BlackElo "2202"]
[PlyCount "73"]
[SourceVersionDate "2023.06.22"]

1. e4 e6 2. d4 d5 3. Bd3 dxe4 4. Bxe4 Nf6 5. Bf3 c5 6. Ne2 Nc6 7. Be3 e5 8.
Bxc6+ bxc6 9. dxe5 Qxd1+ 10. Kxd1 Ng4 11. Nd2 Ba6 12. Ng3 O-O-O 13. Kc1 Nxe3
14. fxe3 g6 15. Nge4 Re8 16. Ng5 h6 17. Ngf3 g5 18. h3 Be2 19. Re1 Bxf3 20.
Nxf3 Bg7 21. Rf1 Re7 22. Kd2 Kd7 23. Ke2 Ke6 24. Rad1 Bxe5 25. Nxe5 Kxe5 26. g4
Ke4 27. Rf5 Re5 28. Rxf7 h5 29. c4 hxg4 30. Rg1 Rf5 31. Re7+ Re5 32. Rxg4+ Kf5
33. Rxg5+ Kxg5 34. Rxe5+ Kh4 35. Rxc5 Rb8 36. b3 Rb6 37. Kf3 1-0

[Event "Langenfeld 2- Horst Emscher"]
[Site "?"]
[Date "2023.05.07"]
[Round "8.2"]
[White "Schipp, Cyrill"]
[Black "Rebentisch, Tom"]
[Result "1/2-1/2"]
[WhiteElo "2023"]
[BlackElo "2140"]
[Annotator "daniel"]
[PlyCount "85"]
[SourceVersionDate "2023.06.22"]

1. e4 e5 2. Nf3 Nc6 3. Bb5 a6 4. Ba4 Nf6 5. O-O Be7 6. Re1 b5 7. Bb3 O-O 8. a4
Bb7 9. d3 d6 10. Nbd2 Nd7 11. c3 Nc5 12. axb5 axb5 13. Rxa8 Qxa8 14. Bc2 b4 15.
d4 bxc3 16. bxc3 Nd7 17. Nf1 Qa1 18. Bd2 Qxd1 19. Rxd1 Bf6 20. Rb1 Rb8 21. Be3
Bc8 22. N1d2 Rxb1+ 23. Bxb1 Ba6 24. Ba2 Kf8 25. Bc4 Bxc4 26. Nxc4 exd4 27. cxd4
Nb4 28. d5 Nc2 29. Ba7 Ke7 30. Kf1 Kd8 31. Ke2 Kc8 32. Kd2 Kb7 33. Kxc2 Kxa7
34. Nfd2 $11 Ka6 35. f4 Kb5 36. Ne3 g6 37. Kd3 Nc5+ 38. Ke2 Kb4 39. g4 Kc3 40.
g5 Bg7 41. Ng4 Kd4 42. Nf2 Kc3 43. Nd1+ 1/2-1/2

[Event "Langenfeld 2- Horst Emscher"]
[Site "?"]
[Date "2023.05.07"]
[Round "8.3"]
[White "De Roda Husman, Juan"]
[Black "Brochhagen, Thomas"]
[Result "1-0"]
[WhiteElo "2237"]
[BlackElo "2009"]
[PlyCount "85"]
[SourceVersionDate "2023.06.22"]

1. e4 d5 2. exd5 Qxd5 3. Nc3 Qd8 4. d4 Nf6 5. Bc4 g6 6. Nf3 Bg7 7. O-O O-O 8.
h3 a6 9. a4 Nc6 10. Bg5 h6 11. Be3 e6 12. Qd2 Kh7 13. Rad1 Ne7 14. Ne5 Ned5 15.
Ne2 Ne4 16. Qd3 Nd6 17. Bb3 b5 18. axb5 axb5 19. Nf4 Nxf4 20. Bxf4 Bb7 21. Rfe1
Bd5 22. Bxd5 exd5 23. Qb3 Nc4 24. Qxb5 Rb8 25. Qc6 Rb6 26. Qc5 Nxb2 27. Ra1 f6
28. Nf3 Rf7 29. Ra7 Bf8 30. Qxb6 cxb6 31. Rxf7+ Kg8 32. Rb7 g5 33. Rb8 Qd7 34.
Bc1 Qc7 35. Ree8 Qxc2 36. Rxf8+ Kg7 37. Bxb2 Qxb2 38. Rfc8 h5 39. Rb7+ Kg6 40.
g4 hxg4 41. hxg4 Qb1+ 42. Kh2 Qe4 43. Ne5+ 1-0

[Event "Langenfeld 2- Horst Emscher"]
[Site "?"]
[Date "2023.05.07"]
[Round "8.4"]
[White "Reuter, Michael"]
[Black "Kroeger, Fabian"]
[Result "0-1"]
[WhiteElo "2044"]
[BlackElo "2176"]
[PlyCount "84"]
[SourceVersionDate "2023.06.22"]

1. d4 Nf6 2. Nf3 g6 3. Nc3 d5 4. Bf4 Bg7 5. e3 O-O 6. Be2 c5 7. dxc5 Qa5 8. Nd2
Qxc5 9. Nb3 Qb6 10. Nb5 Na6 11. c3 Bd7 12. a4 Bxb5 13. Bxb5 Nb8 14. Qd4 Qd8 15.
Be5 a6 16. Be2 Nc6 17. Qf4 Nh5 18. Bxh5 Bxe5 19. Qg5 f6 20. Qg4 Kf7 21. Nc5
gxh5 22. Qxh5+ Kg8 23. Ne6 Qe8 24. Qg4+ Qg6 25. Qxg6+ hxg6 26. Nxf8 Kxf8 27.
O-O-O e6 28. h4 f5 29. f4 Bg7 30. g4 Kf7 31. h5 fxg4 32. Rdg1 gxh5 33. Rxh5 Ne7
34. Rxg4 Rc8 35. Rg1 Rc4 36. Kc2 Rxa4 37. Rhh1 Nf5 38. Kd3 Re4 39. Rh3 a5 40.
b3 b5 41. Ra1 a4 42. bxa4 bxa4 0-1

[Event "Langenfeld 2- Horst Emscher"]
[Site "?"]
[Date "2023.05.07"]
[Round "8.5"]
[White "Radulovic, Drazen"]
[Black "Schulte- Lentz, Christian"]
[Result "1-0"]
[WhiteElo "2180"]
[BlackElo "2080"]
[PlyCount "55"]
[SourceVersionDate "2023.06.22"]

1. e4 e5 2. Bc4 Nf6 3. d3 Nc6 4. Nc3 h6 5. f4 Bc5 6. Nf3 d6 7. f5 Na5 8. Bb3 a6
9. Qe2 O-O 10. Bd2 Nxb3 11. axb3 d5 12. O-O-O Re8 13. g4 Nxg4 14. Rdg1 Bxg1 15.
Rxg1 d4 16. Rxg4 dxc3 17. Bxh6 cxb2+ 18. Kxb2 g6 19. Qg2 Qd6 20. h4 a5 21. h5
a4 22. hxg6 f6 23. b4 Qxb4+ 24. Ka2 Re6 25. Bd2 Qc5 26. Ne1 Rb6 27. Rh4 Be6+
28. fxe6 1-0